000
00271nam a2200097Ia 4500
001
683980
005
20250826161448.0
008
250824s9999 xx 000 0 und d
245
0
_a
DEĞERLER BİİLANÇOSU BEYAZ KİTAP
_c
HASAN HÜSEYİN BİRCAN
260
_b
ÇİZGİ YAYINLARI
999
_c
683980
_d
683980